[Event "Ramat Gan Shavout"]
[Site "Ramat Gan"]
[Date "2019.06.08"]
[Round "4"]
[White "Veinberg, Nimrod"]
[Black "Ribshtein, Nati"]
[Result "1-0"]
[WhiteElo "2401"]
[BlackElo "2308"]
[PlyCount "87"]
[EventDate "2019.06.08"]
[EventType "swiss"]
[EventRounds "9"]
[EventCountry "ISR"]
[SourceTitle "EXT 2020"]
[Source "ChessBase"]
[SourceDate "2019.10.17"]
[SourceVersion "1"]
[SourceVersionDate "2019.10.17"]
[SourceQuality "1"]

1. d4 d6 2. e4 Nf6 3. Nc3 g6 4. Nf3 Bg7 5. h3 0-0 6. Be3 a6 7. a4 d5 8. e5 Ne4 9. Nxe4 dxe4 10. Nd2 c5 11. c3 cxd4 12. cxd4 Nc6 13. Nxe4 Qa5+ 14. Qd2 Qxd2+ 15. Nxd2 Rd8 16. Nf3 Nb4 17. Rc1 Bf5 18. Rc7 Rd7 19. Rc4 a5 20. Rc3 Nc2+ 21. Kd2 Nxe3 22. fxe3 Bh6 23. Bb5 Rdd8 24. Rc7 Be4 25. Ke2 Kf8 26. Rhc1 Rab8 27. g4 Bd5 28. R1c3 Be6 29. e4 Rdc8 30. d5 Rxc7 31. Rxc7 Bc8 32. d6 exd6 33. exd6 Bf4 34. e5 Be6 35. Bc4 Re8 36. Bxe6 Rxe6 37. d7 Ke7 38. Rxb7 Bxe5 39. Nxe5 Rxe5+ 40. Kf3 h5 41. d8Q+ Kxd8 42. Rxf7 hxg4+ 43. hxg4 g5 44. Rf5 1-0

[Event "ISR-chT 1011"]
[Site "Israel"]
[Date "2011.06.10"]
[Round "11.6"]
[White "Afek, Yochanan"]
[Black "Ribshtein, Nati"]
[Result "1-0"]
[WhiteElo "2282"]
[BlackElo "2340"]
[PlyCount "179"]
[EventDate "2010.12.24"]
[EventType "team-tourn"]
[EventRounds "11"]
[EventCountry "ISR"]
[SourceTitle "EXT 2012"]
[Source "ChessBase"]
[SourceDate "2011.11.24"]
[SourceVersion "1"]
[SourceVersionDate "2011.11.24"]
[SourceQuality "1"]
[WhiteTeam "Porat Mathematics"]
[BlackTeam "Tel Aviv Shlomo Har Zvi"]
[WhiteTeamCountry "ISR"]
[BlackTeamCountry "ISR"]

1. e4 c5 2. Nf3 e6 3. c3 Nf6 4. e5 Nd5 5. Bc4 d6 6. 0-0 Nb6 7. Bb3 Bd7 8. d4 cxd4 9. cxd4 Bc6 10. Nc3 Be7 11. Re1 Bxf3 12. Qxf3 d5 13. Qg4 g6 14. Bh6 Nc6 15. a4 Na5 16. Bc2 a6 17. Re3 Bf8 18. Qf4 Bxh6 19. Qxh6 Qe7 20. Rf3 0-0-0 21. Qd2 Nbc4 22. Qc1 Nc6 23. Ne2 Kb8 24. b3 N4a5 25. Qd2 Nb4 26. Bd1 Rc8 27. Nf4 Nac6 28. a5 Rc7 29. Ra4 Ka7 30. Ne2 h5 31. Rc3 Rhc8 32. h3 Kb8 33. Kh2 Ka8 34. f4 Ka7 35. Rc5 Kb8 36. Ng1 Ka8 37. Nf3 Kb8 38. Ng5 Ka7 39. Rxb4 Nxb4 40. Qxb4 Rxc5 41. dxc5 Kb8 42. Bf3 f6 43. exf6 Qxf6 44. h4 Qe7 45. Qe1 Rxc5 46. Nxe6 d4 47. Kg3 d3 48. Qf2 Rc2 49. Qe3 Qd6 50. Nd4 Rc3 51. Kh3 Qd7+ 52. Kh2 Qd6 53. Qe4 Rc7 54. Qe8+ Ka7 55. Qe3 Kb8 56. Bd1 Re7 57. Qf2 Re4 58. Nf3 Rxf4 59. Qg3 Ka7 60. Kg1 Ka8 61. Qf2 Re4 62. Nd2 Rf4 63. Qe3 Rxh4 64. Nc4 Qd4 65. Qxd4 Rxd4 66. Kf2 Re4 67. Bf3 Re6 68. Nb6+ Kb8 69. Nd7+ Kc7 70. Nc5 Re5 71. Nxd3 Rxa5 72. Ke3 Ra3 73. Bd5 b6 74. Nf4 Kd6 75. Bg8 Ra5 76. Bf7 Rg5 77. Bxg6 Rg3+ 78. Ke4 Rxb3 79. Bxh5 a5 80. g4 Rg3 81. Ne2 Rg2 82. Kf3 Rh2 83. Be8 Rh8 84. Ba4 Kc5 85. g5 b5 86. Bb3 a4 87. Bf7 a3 88. g6 Rf8 89. Ke3 b4 90. Nc1 1-0

[Event "ISR-chT 0809"]
[Site "Israel"]
[Date "2009.05.22"]
[Round "11"]
[White "Gruenfeld, Yehuda"]
[Black "Ribshtein, Nati"]
[Result "1-0"]
[WhiteElo "2498"]
[BlackElo "2349"]
[PlyCount "75"]
[EventDate "2008.12.12"]
[EventType "team-tourn"]
[EventRounds "11"]
[EventCountry "ISR"]
[SourceTitle "EXT 2010"]
[Source "ChessBase"]
[SourceDate "2010.11.25"]
[SourceVersion "1"]
[SourceVersionDate "2010.11.25"]
[SourceQuality "1"]

1. e4 c5 2. Nf3 e6 3. d4 cxd4 4. Nxd4 a6 5. Bd3 Bc5 6. Nb3 Ba7 7. Nc3 Nc6 8. Qe2 d6 9. Be3 b5 10. 0-0 Nge7 11. Rad1 e5 12. Bxa7 Rxa7 13. a4 bxa4 14. Nxa4 Ng6 15. Qe3 Be6 16. Nc3 Bxb3 17. cxb3 Nf4 18. Bc4 0-0 19. g3 Ne6 20. f4 Ned4 21. f5 Kh8 22. g4 Qh4 23. Kh1 Qxg4 24. Rd2 f6 25. Rg2 Qh5 26. Rg3 g5 27. fxg6 f5 28. Rfg1 Rg7 29. Rh3 f4 30. Qd3 Qxg6 31. Rxg6 Rxg6 32. Qf1 Nb4 33. Qf2 Nbc2 34. Rxh7+ Kxh7 35. Qh4+ Rh6 36. Qe7+ Kg6 37. Qxf8 Nf3 38. Bf7+ 1-0

[Event "ISR-chT 0809"]
[Site "Israel"]
[Date "2008.12.12"]
[Round "1"]
[White "Klenburg, Mikhail"]
[Black "Ribshtein, Nati"]
[Result "0-1"]
[WhiteElo "2403"]
[BlackElo "2349"]
[PlyCount "132"]
[EventDate "2008.12.12"]
[EventType "team-tourn"]
[EventRounds "11"]
[EventCountry "ISR"]
[SourceTitle "EXT 2010"]
[Source "ChessBase"]
[SourceDate "2010.11.25"]
[SourceVersion "1"]
[SourceVersionDate "2010.11.25"]
[SourceQuality "1"]

1. Nf3 d6 2. g3 e5 3. d3 f5 4. Bg2 Nf6 5. 0-0 Be7 6. c4 0-0 7. Nc3 Qe8 8. e3 Nc6 9. Rb1 h6 10. b4 g5 11. b5 Nd8 12. d4 e4 13. Nd2 g4 14. Ne2 Ne6 15. Nf4 Ng5 16. Re1 h5 17. Qb3 Qf7 18. Ba3 a6 19. Rec1 h4 20. c5 d5 21. c6 Bxa3 22. Qxa3 b6 23. Bf1 Kg7 24. bxa6 Ra7 25. Rb5 Rh8 26. Rb2 Nh5 27. Bb5 hxg3 28. fxg3 Nxf4 29. exf4 Ne6 30. Rb4 Qf8 31. Qb2 Kf7 32. Nf1 Kg6 33. Ne3 Qg7 34. Rd1 Rd8 35. Qb3 Bxa6 36. a4 Bxb5 37. axb5 Qf7 38. Nxd5 Ng5 39. Ne7+ Qxe7 40. fxg5 Kxg5 41. d5 Qc5+ 42. Rbd4 Ra3 43. Qb2 Rxd5 44. Kh1 Rxd4 45. Rxd4 Qc3 46. Qxc3 Rxc3 47. Kg1 Rb3 48. Rd7 Rxb5 49. Rxc7 Rc5 50. Rc8 Kf6 51. c7 Ke7 52. Rb8 Rxc7 53. Rxb6 Rc2 54. Rh6 Rd2 55. Kf1 Rd6 56. Rh7+ Kf6 57. Ke2 Kg6 58. Rh8 Ra6 59. h3 Kg7 60. Rh5 gxh3 61. Rxf5 h2 62. Rf1 Rh6 63. Rh1 Kf6 64. Ke3 Kf5 65. Kf2 Kg4 66. Kg2 e3 0-1

[Event "ISR-chT 08"]
[Site "Israel"]
[Date "2008.03.28"]
[Round "4.6"]
[White "Ribshtein, Nati"]
[Black "Kaganskiy, Gleb"]
[Result "1-0"]
[WhiteElo "2359"]
[BlackElo "2293"]
[PlyCount "83"]
[EventDate "2007.12.26"]
[EventType "tourn"]
[EventRounds "11"]
[EventCountry "ISR"]
[SourceTitle "EXT 2009"]
[Source "ChessBase"]
[SourceDate "2008.11.26"]
[SourceVersion "1"]
[SourceVersionDate "2008.11.26"]
[SourceQuality "1"]
[WhiteTeam "Tel Aviv Shlomo Har Zvi"]
[BlackTeam "Kefar Sava Hapoel"]
[WhiteTeamCountry "ISR"]
[BlackTeamCountry "ISR"]

1. e4 c6 2. d4 d5 3. e5 Bf5 4. c4 e6 5. Nc3 Ne7 6. a3 dxc4 7. Bxc4 Nd7 8. Nge2 Nb6 9. Ba2 Ned5 10. Ng3 Bg6 11. Nce4 Be7 12. 0-0 0-0 13. Qg4 Qd7 14. Nc5 Bxc5 15. dxc5 Nc8 16. h4 Nce7 17. h5 Bf5 18. Nxf5 exf5 19. Qg3 Kh8 20. Re1 Qe6 21. Bg5 h6 22. Bh4 Rad8 23. Rad1 Rfe8 24. f4 Rg8 25. Qf3 g5 26. hxg6 Rxg6 27. b4 Rdg8 28. Re2 Rg4 29. Bxe7 Qxe7 30. Bxd5 cxd5 31. Qxd5 Rxf4 32. e6 Re4 33. Rxe4 fxe4 34. Qd4+ f6 35. Qxe4 Rd8 36. Rxd8+ Qxd8 37. e7 Qd1+ 38. Kf2 Qd2+ 39. Kf1 Qc1+ 40. Qe1 Qc4+ 41. Kg1 Qd4+ 42. Kh1 1-0

[Event "ISR-ch op"]
[Site "Tel Aviv"]
[Date "2001.04.11"]
[Round "3"]
[White "Tseitlin, Mark D"]
[Black "Ribshtein, Nati"]
[Result "1-0"]
[WhiteElo "2492"]
[BlackElo "2329"]
[PlyCount "83"]
[EventDate "2001.04.09"]
[EventType "swiss"]
[EventRounds "9"]
[EventCountry "ISR"]
[SourceTitle "EXT 2008"]
[Source "ChessBase"]
[SourceDate "2007.11.25"]
[SourceVersion "1"]
[SourceVersionDate "2007.11.25"]
[SourceQuality "1"]

1. e4 g6 2. d4 d6 3. Nc3 Bg7 4. Nf3 Nf6 5. Be3 0-0 6. Qd2 Bg4 7. Ng5 Nc6 8. h3 Bc8 9. Nf3 e5 10. d5 Ne7 11. 0-0-0 Bd7 12. g4 Qb8 13. Nh4 b5 14. f3 Rd8 15. Bh6 b4 16. Ne2 c6 17. Bxg7 Kxg7 18. Ng3 cxd5 19. g5 Ne8 20. exd5 Rc8 21. Ne4 b3 22. axb3 Qxb3 23. Kb1 Qb6 24. c4 Rab8 25. Qc3 Bf5 26. Rh2 a5 27. Nxf5+ Nxf5 28. Rhd2 Nd4 29. f4 a4 30. fxe5 dxe5 31. c5 Qa7 32. Rxd4 exd4 33. Qxd4+ Kg8 34. d6 Ng7 35. d7 Rd8 36. Nf6+ Kh8 37. Re1 Qa5 38. Re2 Rf8 39. Ne8 f6 40. Nxg7 Kxg7 41. gxf6+ Kg8 42. f7+ 1-0

[Event "Dov Porath Memorial"]
[Site "Givataim"]
[Date "2000.09.??"]
[Round "2"]
[White "Mikhalevski, Victor"]
[Black "Ribshtein, Nati"]
[Result "1-0"]
[WhiteElo "2532"]
[BlackElo "2317"]
[PlyCount "95"]
[EventDate "2000.09.??"]
[EventType "swiss"]
[EventRounds "7"]
[EventCountry "ISR"]
[SourceTitle "EXT 2006"]
[Source "ChessBase"]
[SourceDate "2005.11.24"]
[SourceVersion "1"]
[SourceVersionDate "2005.11.24"]
[SourceQuality "1"]

1. d4 Nf6 2. c4 e6 3. g3 c5 4. d5 exd5 5. cxd5 d6 6. Nc3 g6 7. Bg2 Bg7 8. Nf3 0-0 9. 0-0 a6 10. a4 Nbd7 11. h3 Rb8 12. Bf4 Qe7 13. Rb1 Nh5 14. Bg5 Bf6 15. Bd2 Ne5 16. Nxe5 Bxe5 17. b4 cxb4 18. Rxb4 Nxg3 19. fxg3 Bxc3 20. Bxc3 Qe3+ 21. Kh2 Qxc3 22. Rb6 Qe5 23. Qa1 Qxa1 24. Rxa1 Rd8 25. a5 Kf8 26. g4 h6 27. Ra3 f5 28. gxf5 gxf5 29. Kg3 Ke7 30. Kf4 Rg8 31. Bf3 Rg6 32. Bh5 Rg1 33. Bf3 Kd8 34. Rab3 Ra8 35. Re3 Kd7 36. Kxf5 Rg3 37. Kf6 Kc7 38. Rc3+ Kb8 39. Rxd6 Bxh3 40. Rd8+ Ka7 41. Rxa8+ Kxa8 42. d6 Rg5 43. Rc7 Kb8 44. Rxb7+ Kc8 45. Ra7 Rc5 46. e4 Rxa5 47. e5 Ra3 48. Bc6 1-0

[Event "Budapest FS02 GM"]
[Site "Budapest"]
[Date "2000.02.07"]
[Round "3"]
[White "Ribshtein, Nati"]
[Black "Volzhin, Alexander"]
[Result "1/2-1/2"]
[WhiteElo "2362"]
[BlackElo "2548"]
[PlyCount "57"]
[EventDate "2000.02.05"]
[EventType "tourn"]
[EventRounds "13"]
[EventCountry "HUN"]
[EventCategory "9"]
[SourceTitle "CBM 076"]
[Source "ChessBase"]
[SourceDate "2000.05.31"]
[SourceVersion "1"]
[SourceVersionDate "2000.05.31"]
[SourceQuality "1"]

1. d4 Nf6 2. c4 e6 3. Nf3 d5 4. Nc3 dxc4 5. e4 Bb4 6. Bg5 c5 7. Bxc4 cxd4 8. Nxd4 Bxc3+ 9. bxc3 Qa5 10. Bb5+ Bd7 11. Bxf6 gxf6 12. Qb3 a6 13. Be2 Nc6 14. 0-0 Qc7 15. Rab1 Na5 16. Qa3 Rc8 17. c4 Nxc4 18. Bxc4 Qxc4 19. Rfd1 Qc5 20. Qf3 b5 21. Qxf6 Rg8 22. Nf3 Qe7 23. Qd4 Rc4 24. Qa7 Bc8 25. Qb6 Qc7 26. Qxc7 Rxc7 27. Rbc1 Rxc1 28. Rxc1 Kd8 29. Ne5 1/2-1/2

[Event "Budapest FS02 GM"]
[Site "Budapest"]
[Date "2000.02.05"]
[Round "1"]
[White "Ribshtein, Nati"]
[Black "Szabo, Zsolt Jozsef"]
[Result "1-0"]
[WhiteElo "2362"]
[BlackElo "2429"]
[PlyCount "79"]
[EventDate "2000.02.05"]
[EventType "tourn"]
[EventRounds "13"]
[EventCountry "HUN"]
[EventCategory "9"]
[SourceTitle "CBM 076"]
[Source "ChessBase"]
[SourceDate "2000.05.31"]
[SourceVersion "1"]
[SourceVersionDate "2000.05.31"]
[SourceQuality "1"]

1. e4 c5 2. Nf3 d6 3. d4 cxd4 4. Nxd4 Nf6 5. Nc3 a6 6. f3 e5 7. Nb3 Be6 8. Be3 Nbd7 9. g4 h6 10. Qd2 Be7 11. 0-0-0 b5 12. h4 Nb6 13. Qf2 Nc4 14. Bxc4 bxc4 15. Nc5 Bc8 16. g5 Nh5 17. gxh6 g6 18. N5a4 Rb8 19. Ba7 Rb4 20. a3 Rxa4 21. Nxa4 0-0 22. Nc3 Bb7 23. Be3 Qc7 24. Qd2 Rb8 25. Ne2 Bc6 26. Bg5 Bf8 27. Qc3 Qb7 28. Rhg1 d5 29. exd5 Bxd5 30. Rgf1 f6 31. Bd2 Kh7 32. f4 Bg2 33. Rfe1 e4 34. Nd4 f5 35. Rg1 Bc5 36. Rxg2 e3 37. Bxe3 Qxg2 38. Qxc4 Rc8 39. Qf7+ Kh8 40. Qd7 1-0

[Event "EU-ch U20"]
[Site "Patras"]
[Date "1999.10.10"]
[Round "6"]
[White "Berescu, Alin Mile"]
[Black "Ribshtein, Nati"]
[Result "1-0"]
[WhiteElo "2386"]
[BlackElo "2349"]
[PlyCount "51"]
[EventDate "1999.10.02"]
[EventType "swiss"]
[EventRounds "9"]
[EventCountry "GRE"]
[SourceTitle "CBM 072 Extra"]
[Source "ChessBase"]
[SourceDate "1999.11.18"]
[SourceVersion "1"]
[SourceVersionDate "1999.11.18"]
[SourceQuality "1"]

1. e4 c5 2. Nf3 e6 3. d4 cxd4 4. Nxd4 a6 5. Nc3 b5 6. Bd3 Qb6 7. Nb3 Qc7 8. 0-0 Bb7 9. f4 d6 10. f5 e5 11. a4 bxa4 12. Rxa4 Nf6 13. Be3 Be7 14. Na5 Bc8 15. Bc4 Nbd7 16. Nd5 Nxd5 17. Qxd5 Nb6 18. Qxf7+ Kd8 19. Qxg7 Re8 20. f6 Bf8 21. Qxc7+ Kxc7 22. Bxb6+ Kxb6 23. Rb4+ Kc5 24. c3 Be6 25. Bxe6 Rxe6 26. Rd1 1-0

[Event "EU-ch U20"]
[Site "Patras"]
[Date "1999.10.06"]
[Round "2"]
[White "Iljushin, Alexei"]
[Black "Ribshtein, Nati"]
[Result "1-0"]
[WhiteElo "2527"]
[BlackElo "2349"]
[PlyCount "103"]
[EventDate "1999.10.02"]
[EventType "swiss"]
[EventRounds "9"]
[EventCountry "GRE"]
[SourceTitle "CBM 072 Extra"]
[Source "ChessBase"]
[SourceDate "1999.11.18"]
[SourceVersion "1"]
[SourceVersionDate "1999.11.18"]
[SourceQuality "1"]

1. d4 Nf6 2. c4 e6 3. Nc3 c5 4. d5 exd5 5. cxd5 d6 6. e4 g6 7. Be2 Bg7 8. Nf3 0-0 9. 0-0 a6 10. a4 Bg4 11. Nd2 Bxe2 12. Qxe2 Nbd7 13. Nc4 Nb6 14. Ne3 Re8 15. a5 Nbd7 16. Nc4 Ne5 17. Nb6 Rb8 18. Bg5 Qc7 19. f3 h6 20. Be3 Qe7 21. Rae1 Ned7 22. Nc4 Ne5 23. Nb6 Ned7 24. Nc4 Ne5 25. Nxe5 Qxe5 26. Qd2 b5 27. Bf4 Qe7 28. Bxh6 Bxh6 29. Qxh6 b4 30. Na4 Nd7 31. b3 Qf6 32. Qd2 Qd8 33. Nb2 Qxa5 34. Ra1 Qc7 35. Rxa6 Ra8 36. Rc6 Qb8 37. Nc4 Ne5 38. Nxe5 Rxe5 39. Qd3 Re7 40. f4 Rea7 41. e5 dxe5 42. f5 Ra1 43. fxg6 Qa7 44. gxf7+ Kf8 45. Qf5 c4+ 46. Kh1 Rxf1+ 47. Qxf1 cxb3 48. Rg6 Qxf7 49. Rf6 Ra7 50. Kg1 e4 51. Rxf7+ Rxf7 52. Qb1 1-0

[Event "Lost Boys op"]
[Site "Antwerp"]
[Date "1999.08.01"]
[Round "3"]
[White "Savchenko, Stanislav"]
[Black "Ribshtein, Nati"]
[Result "1-0"]
[WhiteElo "2583"]
[BlackElo "2349"]
[PlyCount "85"]
[EventDate "1999.07.30"]
[EventType "swiss"]
[EventRounds "9"]
[EventCountry "BEL"]
[SourceTitle "EXT 2000"]
[Source "ChessBase"]
[SourceDate "1999.11.16"]
[SourceVersion "1"]
[SourceVersionDate "1999.11.16"]
[SourceQuality "1"]

1. Nf3 Nf6 2. c4 g6 3. Nc3 Bg7 4. e4 d6 5. d4 0-0 6. Be2 e5 7. 0-0 Nc6 8. d5 Ne7 9. b4 Nh5 10. Re1 a5 11. bxa5 f5 12. Nd2 Nf4 13. Bf1 Rxa5 14. a4 c5 15. Nb5 Ra6 16. Ra3 g5 17. g3 Nfg6 18. exf5 Nxf5 19. Ne4 h6 20. Qh5 Nge7 21. h4 g4 22. Qxg4 Ne3 23. Qe2 Nxf1 24. Rxf1 Nf5 25. Qd1 Qe7 26. Bd2 Qf7 27. f4 Qe7 28. Re1 Re8 29. fxe5 Bxe5 30. Bc3 Qg7 31. Bxe5 Rxe5 32. Kh2 Qe7 33. Qg4+ Kh8 34. Qf4 Bd7 35. Re2 Qg7 36. Raa2 Bxb5 37. cxb5 Ra8 38. Nxd6 Rxe2+ 39. Rxe2 Nd4 40. Rf2 Rxa4 41. Ne8 Ne2 42. Rxe2 Rxf4 43. Nxg7 1-0